000 00808cab a2200253 4500
001 ABS55533
008 090401t1996 xxu||||| |||| 00| 0 eng d
035 _a(Sirsi) u17189
041 _aeng
100 _aLawrence, D.
245 2 _aA tale of two white papers
260 _c1996
350 _a0
490 _aCountry Landowner
_vAugust 1996, 18(1)
520 _aExplains the role of rural Option Land Banks in providing low-cost housing for rent and shared ownership, focussing on the experiences of Bedfordshire Rural Land Bank Trust.
650 _aBEDFORDSHIRE RURAL LAND BANK TRUST
650 _aEXCEPTIONS POLICY
650 _aRURAL HOUSING
650 _aRURAL OPTION LAND BANKS
650 _aRURAL WHITE PAPER
690 _aBlock management
_96220
942 _n0
948 _c04/03/1997
999 _c11399
_d11399